000 00737nam a22001697a 4500
999 _c370103
_d370103
008 201130b ||||| |||| 00| 0 eng d
040 _bger
_cDE-2950
_erda
_aDE-2950
041 _ager
100 _aWaldmann, Nancy:
245 _aSprachnachrichten aus Kabul.
_bAfghanistan: Seit die Taliban einmarschiert sind, harrt Ulfats Partnerin mit anderen Frauen in einem Keller bei Wasser und Brot aus. der Geflüchtete bangt in Frankfurt um ihr Leben /
_cNancy Waldmann
264 _c2021
773 _dFrankfurt (Oder): Märkisches Verlags- und Druckhaus GmbH & Co KG
_g32. Jahrgang (2021) Nr. 194 vom 21./22.08.2021, S. 17: Foto
_tMärkische Oderzeitung
942 _cA